Music Quiz

Random Music or Lyrics Quiz

Song by Opening Lyrics (1990s) Quiz Stats

 Plays Quiz Updated Nov 2, 2014

Score 0/30 Timer 08:00
5 Plays Today
Opening Lyrics Song % Correct
Somebody once told me the world is gonna roll me; I ain't the sharpest tool in the shed.All Star
76.7%
She's into superstitions: black cats and voodoo dolls. I feel a premonition that girl's gonna make me fall.Livin' La Vida Loca
72.8%
I thought I saw a man brought to life. He was warm. He came around like he was dignified. He showed me what it was to cry.Torn
53.2%
If God had a name, what would it be? And would you call it to His face? If you were faced with Him in all His glory, what would you ask if you had just one question?One of Us
52.3%
You say that we've got nothing in common, no common ground to start from, and we're falling apart.Breakfast at Tiffany's
50.9%
Oh, life is bigger. It's bigger than you, and you are not me. The lengths that I will go to.Losing My Religion
50.3%
How many special people change? How many lives are living strange? Where were you while we were getting high?Champagne Supernova
49.9%
Is it getting better, or do you feel the same? Will it make it easier on you now you got someone to blame?One
47%
I wish you would step back from that ledge, my friend.Jumper
42.3%
Man it's a hot one. Like seven inches from the midday sun. Well I hear you whisper and the words melt everyone but you stay so cool.Smooth
37.7%
Load up on guns and bring your friends. It's fun to lose and to pretend.Smells Like Teen Spirit
33.8%
Come and close the curtains 'cause all we need is candlelight. You and me and a bottle of wine. Gonna hold you tonight.Save Tonight
33.3%
Look into my eyes. You will see what you mean to me. Search your heart. Search your soul. And when you find me there, you'll search no more.(Everything I Do) I Do It For You
33.3%
When you were here before, couldn't look you in the eye. You're just like an angel. Your skin makes me cry.Creep
30.9%
You say I only hear what I want to. You say I talk so all the time... so.Stay (I Missed You)
30%
Opening Lyrics Song % Correct
Psychic spies from China try to steal your mind's elation. And little girls from Sweden dream of silver screen quotations.Californication
29%
Hangin' round downtown by myself and I had so much time to sit and think about myself and then there she was.Sex and Candy
29%
They made up their minds and they started packing. They left before the sun came up that day.The Way
27.7%
You and me, we come from different worlds. You like to laugh at me when I look at other girls.Only Wanna Be With You
27.4%
Yeah...I like it when the girls stop by.. In the summer. Do you remember? Do you remember? When we met, that summer?Summer Girls
26.6%
She doesn't own a dress. Her hair is always a mess. Catch her stealing, she won't confess. She's Beautiful.Meet Virginia
26.5%
Wake up kids, we've got the dreamers' disease. Age fourteen, we've got you down on your knees.You Get What You Give
25.7%
A lonely mother gazing out of her window, staring at her son that she just can't touch. If at any time he's in a jam, she'll be by his side.Waterfalls
24.2%
When I was young I knew everything. She, a punk who rarely ever took advice. Now I'm guilt-stricken, sobbing with my head on the floor.The Freshmen
24%
Could you whisper in my ear the things you want to feel? I'll give you anything to feel it coming.Slide
22.5%
In my eyes, indisposed, in disguise as no one knows, hides the face, lies the snake, the sun in my disgrace.Black Hole Sun
21.7%
Six a.m. Day after Christmas. I throw some clothes on in the dark.Brick
20.8%
The strands in your eyes that color them wonderful stop me and steal my breath. Emeralds from mountains thrust towards the sky never revealing their depth.I'll Be
20%
She don't care about my car, and she don't care about my money. And that's real good cause I don't got a lot to spend. But if I did it wouldn't mean nothing.Hey Leonardo (She Likes Me For Me)
16.7%
I used to think that I could not go on. And life was nothing but an awful song.I Believe I Can Fly
8.2%

You're not logged in!

Compare scores with friends on all Sporcle quizzes.
OR
Log In

You Might Also Like...

Show Comments

Extras

Top Quizzes Today


Score Distribution

Your Account Isn't Verified!

In order to create a playlist on Sporcle, you need to verify the email address you used during registration. Go to your Sporcle Settings to finish the process.

Report this User

Report this user for behavior that violates our Community Guidelines.

Details: